[Event "Muensterland Verbandsklasse Gr1 2223"]
[Site "Germany"]
[Date "2022.11.19"]
[Round "3.7"]
[White "Wichmann, Norbert"]
[Black "Ulunque Villazon, Humberto"]
[Result "0-1"]
[WhiteElo "1720"]
[BlackElo "1618"]
[PlyCount "48"]
[EventDate "2022.09.17"]
[EventType "team-tourn"]
[EventRounds "5"]
[EventCountry "GER"]
[SourceTitle "EXT 2024"]
[Source "ChessBase"]
[SourceDate "2023.10.10"]
[SourceVersion "1"]
[SourceVersionDate "2023.10.10"]
[SourceQuality "1"]
[WhiteTeam "Muenster Indische Dame"]
[BlackTeam "Duelmen II"]
[WhiteTeamCountry "GER"]
[BlackTeamCountry "GER"]

1. d4 d5 2. c4 e6 3. Nc3 c6 4. Nf3 Nf6 5. e3 Nbd7 6. Bd3 Bd6 7. 0-0 0-0 8. Qb3 Re8 9. e4 dxe4 10. Nxe4 Nxe4 11. Bxe4 h6 12. Bc2 e5 13. Be3 e4 14. Nd2 Nf6 15. f3 Qc7 16. Nxe4 Bxh2+ 17. Kh1 Nxe4 18. fxe4 c5 19. dxc5 Bg4 20. Rae1 Qe5 21. Qxb7 Be6 22. Bg1 Bg3 23. Bd1 Qg5 24. Bg4 Qxg4 0-1

[Event "Muensterland Verbandsklasse playoff"]
[Site "Germany"]
[Date "2022.06.25"]
[Round "5.4"]
[White "Ulunque Villazon, Humberto"]
[Black "Miethe, Christoph"]
[Result "1/2-1/2"]
[WhiteElo "1580"]
[BlackElo "1736"]
[PlyCount "68"]
[EventDate "2022.04.02"]
[EventType "team-tourn"]
[EventRounds "5"]
[EventCountry "GER"]
[SourceTitle "EXT 2023"]
[Source "ChessBase"]
[SourceDate "2022.10.05"]
[SourceVersion "1"]
[SourceVersionDate "2022.10.05"]
[SourceQuality "1"]
[WhiteTeam "Duelmen II"]
[BlackTeam "Rheine Klein Berlin II"]
[WhiteTeamCountry "GER"]
[BlackTeamCountry "GER"]

1. e4 e5 2. Bc4 Nf6 3. d3 d6 4. Nc3 Be7 5. h3 c6 6. d4 exd4 7. Qxd4 b5 8. Be2 0-0 9. Bf4 c5 10. Qd2 Bb7 11. Bf3 b4 12. Nd5 Nxd5 13. exd5 Bf6 14. 0-0-0 a5 15. g4 c4 16. Be4 c3 17. Qe3 cxb2+ 18. Kb1 g6 19. Nf3 Re8 20. h4 Na6 21. Ng5 Nc5 22. f3 Na4 23. Rd3 Nc3+ 24. Rxc3 bxc3 25. h5 Bxg5 26. Bxg5 f6 27. hxg6 hxg6 28. Qxc3 Rc8 29. Qxf6 Qxf6 30. Bxf6 Kf7 31. g5 Rb8 32. Rh7+ Kf8 33. Rd7 Bc8 34. Rxd6 Bf5 1/2-1/2

[Event "Muensterland Regionalliga playoff Gr1"]
[Site "Germany"]
[Date "2022.06.11"]
[Round "5.4"]
[White "Ulunque Villazon, Humberto"]
[Black "Sell, Markus"]
[Result "0-1"]
[WhiteElo "1580"]
[BlackElo "1800"]
[PlyCount "80"]
[EventDate "2022.03.19"]
[EventType "team-tourn"]
[EventRounds "5"]
[EventCountry "GER"]
[SourceTitle "EXT 2023"]
[Source "ChessBase"]
[SourceDate "2022.10.05"]
[SourceVersion "1"]
[SourceVersionDate "2022.10.05"]
[SourceQuality "1"]
[WhiteTeam "Duelmen"]
[BlackTeam "Bocholt"]
[WhiteTeamCountry "GER"]
[BlackTeamCountry "GER"]

1. e4 d6 2. d4 Nf6 3. Nc3 c6 4. Be2 Qa5 5. Bf3 g6 6. Be3 Bg7 7. h3 Nbd7 8. Nge2 e5 9. 0-0 0-0 10. Rb1 Qc7 11. Qd2 Re8 12. g4 Nf8 13. Bg2 N6d7 14. Ng3 Nb6 15. b3 Ne6 16. Nce2 d5 17. dxe5 dxe4 18. Bxe4 Rd8 19. Bd3 Bxe5 20. Ne4 Nd5 21. Bh6 Ndf4 22. Nf6+ Bxf6 23. Bxf4 Nxf4 24. Qxf4 Be5 25. Qe3 b6 26. f4 Bd6 27. Qf3 Re8 28. Be4 Bb7 29. Ng3 Re7 30. Rbe1 Rae8 31. g5 Bb4 32. c3 Bc5+ 33. Kg2 Qd7 34. f5 Qd2+ 35. Re2 Qxg5 36. Qd3 Re5 37. f6 R5e6 38. h4 Qxh4 39. Qd7 Bc8 40. Qc7 Bd6 0-1

[Event "Steinfurt Bezirksliga 1415"]
[Site "Germany"]
[Date "2014.11.29"]
[Round "4.3"]
[White "Nordholt, Uwe"]
[Black "Ulunque Villazon, Humberto"]
[Result "1-0"]
[WhiteElo "1855"]
[BlackElo "1636"]
[PlyCount "61"]
[EventDate "2014.09.06"]
[EventType "team-tourn"]
[EventRounds "9"]
[EventCountry "GER"]
[SourceTitle "EXT 2016"]
[Source "ChessBase"]
[SourceDate "2015.10.08"]
[SourceVersion "1"]
[SourceVersionDate "2015.10.08"]
[SourceQuality "1"]
[WhiteTeam "Neuenkirchen II"]
[BlackTeam "Saerbeck II"]
[WhiteTeamCountry "GER"]
[BlackTeamCountry "GER"]

1. d4 Nf6 2. c4 c5 3. d5 e6 4. Nc3 exd5 5. cxd5 d6 6. e4 Be7 7. h3 0-0 8. Nf3 b6 9. Bd3 Ba6 10. Bxa6 Nxa6 11. Qe2 Nc7 12. 0-0 Re8 13. Be3 a6 14. a4 Nd7 15. Rad1 Bf6 16. Bf4 Qe7 17. Rfe1 Ne5 18. Nxe5 Bxe5 19. Bxe5 Qxe5 20. Qe3 b5 21. f4 Qf6 22. e5 Qd8 23. axb5 axb5 24. Qg3 Ra6 25. Ne4 dxe5 26. d6 Ne6 27. fxe5 Kh8 28. Qf2 Rc6 29. Qxf7 c4 30. Nf6 Ng5 31. Qxe8+ 1-0

[Event "Steinfurt Bezirksliga 1415"]
[Site "Germany"]
[Date "2014.09.27"]
[Round "2.2"]
[White "Ulunque Villazon, Humberto"]
[Black "Boeckmann, Dirk"]
[Result "1-0"]
[WhiteElo "1636"]
[BlackElo "1693"]
[PlyCount "49"]
[EventDate "2014.09.06"]
[EventType "team-tourn"]
[EventRounds "9"]
[EventCountry "GER"]
[SourceTitle "EXT 2016"]
[Source "ChessBase"]
[SourceDate "2015.10.08"]
[SourceVersion "1"]
[SourceVersionDate "2015.10.08"]
[SourceQuality "1"]
[WhiteTeam "Saerbeck II"]
[BlackTeam "Reckenfeld"]
[WhiteTeamCountry "GER"]
[BlackTeamCountry "GER"]

1. e4 c6 2. d4 d5 3. e5 Bf5 4. f4 e6 5. Nf3 h6 6. Be3 Nd7 7. Be2 Qb6 8. Qc1 c5 9. 0-0 Bg4 10. c3 Bxf3 11. Rxf3 cxd4 12. cxd4 Ne7 13. a3 Rc8 14. Qd2 Nf5 15. Bf2 Be7 16. g4 Nh4 17. Rh3 Ng6 18. Be3 0-0 19. g5 hxg5 20. fxg5 Rc7 21. Nc3 Re8 22. Bd3 Ndf8 23. Rf1 Bxa3 24. Nb5 Bb4 25. Qe2 1-0

[Event "Muensterland Verbandsliga 1314"]
[Site "Germany"]
[Date "2014.04.05"]
[Round "8.8"]
[White "Ulunque Villazon, Humberto"]
[Black "Fasselt, Hendrik"]
[Result "1/2-1/2"]
[WhiteElo "1590"]
[BlackElo "1754"]
[PlyCount "37"]
[EventDate "2013.09.07"]
[EventType "team-tourn"]
[EventRounds "9"]
[EventCountry "GER"]
[SourceTitle "EXT 2015"]
[Source "ChessBase"]
[SourceDate "2014.11.20"]
[SourceVersion "1"]
[SourceVersionDate "2014.11.20"]
[SourceQuality "1"]
[WhiteTeam "Saerbeck"]
[BlackTeam "Raesfeld Erle"]
[WhiteTeamCountry "GER"]
[BlackTeamCountry "GER"]

1. e4 e5 2. Nf3 d6 3. d4 exd4 4. Qxd4 Nc6 5. Bb5 Bd7 6. Bxc6 Bxc6 7. Bg5 Nf6 8. Nc3 Be7 9. 0-0-0 0-0 10. Rhe1 h6 11. Bh4 Nh5 12. Bxe7 Qxe7 13. Nd5 Qd8 14. e5 Re8 15. g4 dxe5 16. Nxe5 Bxd5 17. Qxd5 Qxd5 18. Rxd5 Nf6 19. Rdd1 1/2-1/2

[Event "Steinfurt Bezirksliga 1213"]
[Site "Germany"]
[Date "2013.03.02"]
[Round "7.2"]
[White "Ulunque Villazon, Humberto"]
[Black "Lagemann, Stefan"]
[Result "0-1"]
[WhiteElo "1577"]
[BlackElo "1953"]
[PlyCount "38"]
[EventDate "2012.09.22"]
[EventType "team-tourn"]
[EventRounds "9"]
[EventCountry "GER"]
[SourceTitle "EXT 2015"]
[Source "ChessBase"]
[SourceDate "2014.11.20"]
[SourceVersion "1"]
[SourceVersionDate "2014.11.20"]
[SourceQuality "1"]
[WhiteTeam "Saerbeck II"]
[BlackTeam "Westerkappeln"]
[WhiteTeamCountry "GER"]
[BlackTeamCountry "GER"]

1. e4 c5 2. Nf3 e6 3. d4 cxd4 4. Nxd4 Nf6 5. Nc3 Nc6 6. Be3 Bb4 7. Bd3 d5 8. Nxc6 bxc6 9. Bd2 0-0 10. e5 Nd7 11. f4 Qb6 12. a3 Bxc3 13. bxc3 Rb8 14. Qh5 f5 15. exf6 Nxf6 16. Qe5 Ba6 17. Be3 Qb2 18. 0-0 Bxd3 19. Rfb1 Qxb1+ 0-1

[Event "Muensterland Verbandsliga 1112"]
[Site "Germany"]
[Date "2012.01.28"]
[Round "6.8"]
[White "Luna, Raisa"]
[Black "Ulunque Villazon, Humberto"]
[Result "1-0"]
[WhiteElo "2006"]
[BlackElo "1568"]
[PlyCount "51"]
[EventDate "2011.09.24"]
[EventType "team-tourn"]
[EventRounds "9"]
[EventCountry "GER"]
[SourceTitle "EXT 2013"]
[Source "ChessBase"]
[SourceDate "2012.11.22"]
[SourceVersion "1"]
[SourceVersionDate "2012.11.22"]
[SourceQuality "1"]
[WhiteTeam "Muenster III"]
[BlackTeam "Saerbeck"]
[WhiteTeamCountry "GER"]
[BlackTeamCountry "GER"]

1. d4 Nf6 2. c4 g6 3. Nc3 Bg7 4. e4 d6 5. Be2 0-0 6. Bg5 e5 7. dxe5 dxe5 8. Qxd8 Rxd8 9. Nd5 Nbd7 10. Rd1 Rf8 11. Nxc7 Rb8 12. f3 Nb6 13. Be3 Bd7 14. Nd5 Nbxd5 15. cxd5 Rfc8 16. Bd3 b5 17. Ne2 a5 18. Kd2 Bf8 19. Rc1 b4 20. Rxc8 Rxc8 21. Rc1 Rxc1 22. Nxc1 a4 23. Ba6 Ne8 24. Nd3 b3 25. axb3 axb3 26. Nc5 1-0

[Event "Steinfurt Bezirksliga 1112"]
[Site "Germany"]
[Date "2011.10.01"]
[Round "1.2"]
[White "Ulunque Villazon, Humberto"]
[Black "Bienhuels, Franz Josef"]
[Result "1/2-1/2"]
[WhiteElo "1574"]
[BlackElo "1969"]
[PlyCount "54"]
[EventDate "2011.10.01"]
[EventType "team-tourn"]
[EventRounds "9"]
[EventCountry "GER"]
[SourceTitle "EXT 2013"]
[Source "ChessBase"]
[SourceDate "2012.11.22"]
[SourceVersion "1"]
[SourceVersionDate "2012.11.22"]
[SourceQuality "1"]
[WhiteTeam "Saerbeck II"]
[BlackTeam "Westerkappeln"]
[WhiteTeamCountry "GER"]
[BlackTeamCountry "GER"]

1. e4 c5 2. Nf3 e6 3. d4 cxd4 4. Nxd4 a6 5. Nc3 Qc7 6. Bd3 d6 7. 0-0 Nf6 8. h3 Be7 9. Be3 Nbd7 10. Kh1 Nc5 11. f4 b5 12. a3 Bb7 13. Qf3 g6 14. g4 h5 15. g5 Nfd7 16. Rae1 Rf8 17. Qg3 Nb6 18. Bg1 0-0-0 19. Qe3 Nc4 20. Bxc4 bxc4 21. b4 e5 22. Nf3 exf4 23. Qxf4 Ne6 24. Qe3 Rde8 25. Nd5 Bxd5 26. exd5 Ng7 27. Nd4 Bd8 1/2-1/2

[Event "Steinfurt Bezirksliga 1011"]
[Site "Germany"]
[Date "2010.11.06"]
[Round "2.6"]
[White "Ulunque Villazon, Humberto"]
[Black "Sowa, Rudolf"]
[Result "0-1"]
[WhiteElo "1608"]
[BlackElo "1578"]
[PlyCount "97"]
[EventDate "2010.10.02"]
[EventType "team-tourn"]
[EventRounds "9"]
[EventCountry "GER"]
[SourceTitle "EXT 2012"]
[Source "ChessBase"]
[SourceDate "2011.11.24"]
[SourceVersion "1"]
[SourceVersionDate "2011.11.24"]
[SourceQuality "1"]
[WhiteTeam "Saerbeck II"]
[BlackTeam "Emsdetten Rochade III"]
[WhiteTeamCountry "GER"]
[BlackTeamCountry "GER"]

1. d4 d5 2. Nf3 Nf6 3. g3 g6 4. Bg2 Bg7 5. 0-0 0-0 6. b3 Nbd7 7. Bb2 Ne4 8. c4 c6 9. Nbd2 Ndf6 10. cxd5 cxd5 11. Rc1 Bf5 12. Ne5 Nxd2 13. Qxd2 Nd7 14. Bxd5 Nxe5 15. dxe5 e6 16. Rc5 exd5 17. Rxd5 Qe7 18. Qa5 b6 19. Qa4 Rfd8 20. Rfd1 Rxd5 21. Rxd5 Qb7 22. e4 Be6 23. Rd6 Bf8 24. Qd4 Qc7 25. Kg2 Qc5 26. Qd2 Rc8 27. Qf4 a5 28. Bd4 Qb4 29. a3 Qxb3 30. Qf6 Qc4 31. Rd8 b5 32. Qe7 Rxd8 33. Qxd8 b4 34. axb4 axb4 35. Kf3 Qc8 36. Qxc8 Bxc8 37. g4 h6 38. h3 b3 39. Bb2 Be7 40. Kg3 Bb7 41. f3 Bc6 42. Kf2 Bg5 43. Kg3 Be3 44. h4 Bd2 45. Kf2 Bf4 46. h5 gxh5 47. gxh5 Kf8 48. e6 fxe6 49. e5 0-1

[Event "Steinfurt Bezirksliga 0809"]
[Site "Germany"]
[Date "2008.10.25"]
[Round "2.6"]
[White "Huesmann, Stephan"]
[Black "Ulunque Villazon, Humberto"]
[Result "1-0"]
[WhiteElo "1607"]
[BlackElo "1636"]
[PlyCount "51"]
[EventDate "2008.09.27"]
[EventType "team-tourn"]
[EventRounds "9"]
[EventCountry "GER"]
[SourceTitle "EXT 2010"]
[Source "ChessBase"]
[SourceDate "2010.11.25"]
[SourceVersion "1"]
[SourceVersionDate "2010.11.25"]
[SourceQuality "1"]
[WhiteTeam "Rheine Klein Berlin II"]
[BlackTeam "Saerbeck II"]
[WhiteTeamCountry "GER"]
[BlackTeamCountry "GER"]

1. e4 c5 2. Nf3 Nc6 3. d4 cxd4 4. c3 dxc3 5. Bc4 e6 6. Nxc3 a6 7. 0-0 b5 8. Bb3 Bb7 9. Bf4 Be7 10. Qe2 d6 11. Rfd1 Qc7 12. Rac1 e5 13. Nd5 Qd8 14. Bxe5 Nf6 15. Nxf6+ gxf6 16. Bg3 0-0 17. Nh4 Kh8 18. Nf5 Ne5 19. Bd5 Bxd5 20. Rxd5 Rb8 21. Rcd1 Rb6 22. Qh5 Rc6 23. h3 Qc7 24. f4 Nc4 25. Bh4 Nxb2 26. Qh6 1-0

[Event "Steinfurt Bezirksliga 0708"]
[Site "Germany"]
[Date "2008.05.10"]
[Round "9.8"]
[White "Ulunque Villazon, Humberto"]
[Black "Schnabel, Reinhard"]
[Result "0-1"]
[WhiteElo "1638"]
[BlackElo "1483"]
[PlyCount "68"]
[EventDate "2007.09.22"]
[EventType "team-tourn"]
[EventRounds "9"]
[EventCountry "GER"]
[SourceTitle "EXT 2009"]
[Source "ChessBase"]
[SourceDate "2008.11.26"]
[SourceVersion "1"]
[SourceVersionDate "2008.11.26"]
[SourceQuality "1"]
[WhiteTeam "Saerbeck II"]
[BlackTeam "Reckenfeld"]
[WhiteTeamCountry "GER"]
[BlackTeamCountry "GER"]

1. d4 Nf6 2. c4 e6 3. g3 Bb4+ 4. Bd2 Bxd2+ 5. Nxd2 0-0 6. e4 d5 7. e5 Ne8 8. Bg2 c6 9. Ngf3 f5 10. 0-0 g5 11. h3 Ng7 12. Rc1 b6 13. cxd5 cxd5 14. Nh2 h6 15. Nc4 Ba6 16. b3 Nd7 17. Ne3 Bxf1 18. Qxf1 Rc8 19. Rd1 Nb8 20. Rd3 Nc6 21. a3 Ne7 22. f4 Ng6 23. Qf2 Rc1+ 24. Bf1 h5 25. fxg5 Qxg5 26. Nf3 Qe7 27. b4 f4 28. Ng2 Kh7 29. Qd2 Rfc8 30. gxf4 R8c2 31. Qe3 Nf5 32. Ng5+ Kh6 33. Qf3 Rxg2+ 34. Qxg2 Nxf4 0-1

[Event "Steinfurt Bezirksklasse 0607"]
[Site "Germany"]
[Date "2007.01.27"]
[Round "4.1"]
[White "Ulunque Villazon, Humberto"]
[Black "Braemik, Simon"]
[Result "1-0"]
[WhiteElo "1592"]
[BlackElo "1543"]
[PlyCount "87"]
[EventDate "2006.09.30"]
[EventType "team-tourn"]
[EventRounds "7"]
[EventCountry "GER"]
[SourceTitle "EXT 2008"]
[Source "ChessBase"]
[SourceDate "2007.11.25"]
[SourceVersion "1"]
[SourceVersionDate "2007.11.25"]
[SourceQuality "1"]
[WhiteTeam "Saerbeck III"]
[BlackTeam "Rheine SG"]
[WhiteTeamCountry "GER"]
[BlackTeamCountry "GER"]

1. d4 d5 2. Nf3 e6 3. g3 c5 4. Bg2 Nf6 5. Bg5 Qa5+ 6. c3 Ne4 7. Be3 Nc6 8. 0-0 cxd4 9. Nxd4 Nf6 10. b4 Qc7 11. Nb5 Qd7 12. N1a3 a6 13. Qa4 Rb8 14. Nd4 b5 15. Qd1 Bd6 16. Nac2 Nxd4 17. Nxd4 e5 18. Nb3 Bb7 19. Nc5 Qe7 20. a4 0-0 21. axb5 axb5 22. Nxb7 Qxb7 23. Qb3 Qc6 24. Rfd1 e4 25. Rd2 Rbc8 26. Bd4 Nd7 27. f4 Nb6 28. Bxb6 Qxb6+ 29. Kh1 Rfd8 30. Rxd5 Qe3 31. Qd1 Qxc3 32. Bxe4 Qxb4 33. Bf3 Be7 34. Rb1 Rxd5 35. Bxd5 Qc5 36. Qb3 b4 37. Bxf7+ Kh8 38. Bd5 Qc3 39. e4 Qd2 40. Qd1 Qf2 41. Bb3 Rc3 42. e5 Qe3 43. Qd5 Rd3 44. Qg8# 1-0

[Event "Steinfurt Bezirksklasse 0607"]
[Site "Germany"]
[Date "2006.10.28"]
[Round "2.2"]
[White "Ternes, Joachim"]
[Black "Ulunque Villazon, Humberto"]
[Result "1/2-1/2"]
[WhiteElo "1556"]
[BlackElo "1592"]
[PlyCount "51"]
[EventDate "2006.09.30"]
[EventType "team-tourn"]
[EventRounds "7"]
[EventCountry "GER"]
[SourceTitle "EXT 2008"]
[Source "ChessBase"]
[SourceDate "2007.11.25"]
[SourceVersion "1"]
[SourceVersionDate "2007.11.25"]
[SourceQuality "1"]
[WhiteTeam "Neuenkirchen II"]
[BlackTeam "Saerbeck III"]
[WhiteTeamCountry "GER"]
[BlackTeamCountry "GER"]

1. d4 d5 2. c4 e6 3. Nc3 Nf6 4. Nf3 c6 5. e3 Nbd7 6. Bd3 Be7 7. 0-0 0-0 8. b3 Re8 9. Qc2 Nf8 10. Ne5 Qc7 11. c5 N6d7 12. f4 Nxe5 13. fxe5 f6 14. Qf2 Bd8 15. exf6 Bxf6 16. e4 b5 17. e5 Bd8 18. Be3 a5 19. Ne2 Ra7 20. Qg3 b4 21. Rf2 Ba6 22. Bxa6 Rxa6 23. Raf1 g6 24. Rf7 Qxf7 25. Rxf7 Kxf7 26. Bh6 1/2-1/2

[Event "Steinfurt Bezirksliga 0506"]
[Site "Germany"]
[Date "2005.12.17"]
[Round "4.3"]
[White "Loecke, Christian"]
[Black "Ulunque Villazon, Humberto"]
[Result "1-0"]
[WhiteElo "1641"]
[BlackElo "1558"]
[PlyCount "85"]
[EventDate "2005.09.24"]
[EventType "team-tourn"]
[EventRounds "9"]
[EventCountry "GER"]
[SourceTitle "EXT 2006"]
[Source "ChessBase"]
[SourceDate "2005.11.24"]
[SourceVersion "1"]
[SourceVersionDate "2005.11.24"]
[SourceQuality "1"]
[WhiteTeam "Emsdetten Turm III"]
[BlackTeam "Falke Saerbeck III"]
[WhiteTeamCountry "GER"]
[BlackTeamCountry "GER"]

1. e4 c5 2. Nc3 Nc6 3. f4 d6 4. Nf3 e6 5. Bb5 Bd7 6. d3 a6 7. Bxc6 Bxc6 8. 0-0 g6 9. f5 Qd7 10. fxe6 fxe6 11. Ng5 Nh6 12. Qf3 Bg7 13. Qh3 Ke7 14. Qh4 Bd4+ 15. Kh1 Nf5 16. exf5 exf5 17. Re1+ Be5 18. Nxh7+ Kf7 19. Rxe5 dxe5 20. Qf6+ Kg8 21. Qxg6+ Qg7 22. Nf6+ Kf8 23. Qxg7+ Kxg7 24. Nfd5 Rag8 25. Ne7 Kf7 26. Nxc6 bxc6 27. Be3 Rg3 28. Bxc5 f4 29. Ne4 Rg6 30. Rf1 Ke6 31. Rf2 Rgh6 32. h3 Rg8 33. Bb4 a5 34. Bxa5 Ra8 35. b4 Rf8 36. a4 Rg6 37. Bb6 f3 38. Rxf3 Rxf3 39. gxf3 Kf5 40. Be3 Ke6 41. a5 Kd7 42. a6 Kc7 43. a7 1-0

[Event "Steinfurt Bezirksliga 0506"]
[Site "Germany"]
[Date "2005.10.29"]
[Round "2.2"]
[White "Ulunque Villazon, Humberto"]
[Black "Weiermann, Ewald"]
[Result "0-1"]
[WhiteElo "1558"]
[BlackElo "1623"]
[PlyCount "76"]
[EventDate "2005.09.24"]
[EventType "team-tourn"]
[EventRounds "9"]
[EventCountry "GER"]
[SourceTitle "EXT 2006"]
[Source "ChessBase"]
[SourceDate "2005.11.24"]
[SourceVersion "1"]
[SourceVersionDate "2005.11.24"]
[SourceQuality "1"]
[WhiteTeam "Falke Saerbeck III"]
[BlackTeam "Steinfurt II"]
[WhiteTeamCountry "GER"]
[BlackTeamCountry "GER"]

1. Nf3 e6 2. c4 Nf6 3. Nc3 d5 4. e3 c5 5. d4 cxd4 6. exd4 dxc4 7. Bxc4 Nc6 8. 0-0 Be7 9. Re1 0-0 10. h3 a6 11. Bb3 Bb4 12. Bg5 Be7 13. d5 exd5 14. Nxd5 Nxd5 15. Bxe7 Ndxe7 16. Ne5 Nxe5 17. Rxe5 Qxd1+ 18. Rxd1 Nc6 19. Re3 Bf5 20. Rde1 h6 21. g4 Bg6 22. f4 Bh7 23. h4 Nd4 24. Kf2 Nc2 25. Bxc2 Bxc2 26. b3 f5 27. g5 hxg5 28. hxg5 Be4 29. Rh3 Kf7 30. Ree3 Rh8 31. a3 Rxh3 32. Rxh3 Rc8 33. Re3 Rc2+ 34. Ke1 Ke6 35. Rh3 Kd5 36. Rh7 Rc7 37. Rh3 Kd4 38. Rh8 Ke3 0-1